English Premier League Top Goalscorers (2025-2026 Season) - Statistics

General Stats
  • This quiz has been taken 16 times
  • The average score is 15 of 20
Answer Stats
Hint No. Goals Answer % Correct
Aston Villa 16 Ollie Watkins
100%
Manchester City 27 Erling Haaland
93%
Manchester United 11 Bryan Mbeumo & Benjamin Šeško
86%
Leeds United 14 Dominic Calvert-Lewin
86%
Brentford 22 Igor Thiago
86%
Crystal Palace 12 Jean-Philippe Mateta
86%
Arsenal 14 Viktor Gyökeres
86%
Brighton & Hove Albion 13 Danny Welbeck
79%
West Ham United 9 Jarrod Bowen
79%
Chelsea 15 João Pedro
79%
Everton 9 Beto
71%
Bournemouth 13 Eli Junior Kroupi
71%
Liverpool 11 Hugo Ekitiké
71%
Tottenham Hotspur 11 Richarlison
71%
Nottingham Forest 15 Morgan Gibbs-White
64%
Sunderland 7 Brian Brobbey
57%
Fulham 10 Harry Wilson
57%
Burnley 11 Zian Flemming
57%
Newcastle United 9 Bruno Guimarães
50%
Wolverhampton Wanderers 3 Tolu Arokodare, Santiago Bueno, Rodrigo Gomes and Mateus Mané
43%
No matching quizzes found
Score Distribution
Percent of People with Each Score
Percentile by Number Answered
Your Score History
You have not taken this quiz